Fear of lions / (Record no. 166141)

MARC details
000 -LEADER
fixed length control field 00522nam a22001817a 4500
005 - DATE AND TIME OF LATEST TRANSACTION
control field 20190715150604.0
010 ## - LCCN (DPL NO)
LC control number ENG-125919
020 ## - INTERNATIONAL STANDARD BOOK NUMBER
International Standard Book Number 9789388322218
Terms of availability 399.00
035 ## - SYSTEM CONTROL NUMBER
System control number EN-109451
037 ## - SOURCE OF ACQUISITION
Source of stock number/acquisition DBAD/PUB
082 ## - DEWEY DECIMAL CLASSIFICATION NUMBER
Classification number N
100 ## - MAIN ENTRY--PERSONAL NAME
Personal name Kanekar, Amita
245 ## - TITLE STATEMENT
Title Fear of lions /
Statement of responsibility, etc by Amita Kanekar
260 ## - PUBLICATION, DISTRIBUTION, ETC. (IMPRINT)
Place of publication, distribution, etc Gurugram
Name of publisher, distributor, etc Hachette Books Publishing
Date of publication, distribution, etc 2019
270 ## - ADDRESS
Address 4th and 5th Floor, Corporate Centre, Plot No.-94, Sector 44
City Gurugram
Postal code 122003
300 ## - PHYSICAL DESCRIPTION
Extent 336p.
Dimensions 20cm(pbk)
942 ## - ADDED ENTRY ELEMENTS (KOHA)
Source of classification or shelving scheme Dewey Decimal Classification
Item type English Books
Classification part N
Call number suffix KAN
Holdings
Withdrawn status Lost status Not for loan Collection code Home library Current library Date acquired Source of acquisition Cost, normal purchase price Full call number Barcode Copy number Cost, replacement price Koha item type
    Not For Loan Fiction D.B.Act.Division Mobile Library 15/07/2019 DBAD/PUB 399.00 N KAN EN-109451 1 399.00 English Books

© Delhi Public Library
Hit Counter
free hit counter